Podnikanie malých firiem v Slovenskej republike po vstupe do Európskej únie
Salvato in:
| Autore principale: | |
|---|---|
| Natura: | Libro |
| Lingua: | slovacco |
| Pubblicazione: |
Bratislava
EUROUNION
2004
|
| Soggetti: | |
| Tags: |
Nessun Tag, puoi essere il primo ad aggiungerne!!
|
MARC
| LEADER | 00000nam$a2200000$$$4500 | ||
|---|---|---|---|
| 001 | 0023118 | ||
| 005 | 20240314091306.9 | ||
| 020 | |a 80-88984-65-3 | ||
| 041 | 0 | |a slo | |
| 044 | |a SK | ||
| 245 | 1 | 0 | |a Podnikanie malých firiem v Slovenskej republike po vstupe do Európskej únie |c Alena Pauličková |
| 264 | 1 | |a Bratislava |b EUROUNION |c 2004 | |
| 300 | |a 388 s. | ||
| 610 | 2 | 0 | |a podnikanie |
| 610 | 2 | 0 | |a podnik malý |
| 610 | 2 | 0 | |a Slovensko |
| 610 | 2 | 0 | |a Európska únia |
| 610 | 2 | 0 | |a úpravy právne |
| 610 | 2 | 0 | |a podnikatelia |
| 610 | 2 | 0 | |a register obchodný |
| 610 | 2 | 0 | |a konanie daňové |
| 610 | 2 | 0 | |a zmluvy obchodné |
| 610 | 2 | 0 | |a pohľadávky |
| 610 | 2 | 0 | |a konanie rozhodcovské |
| 610 | 2 | 0 | |a konanie súdne občianske |
| 610 | 2 | 0 | |a vzťahy pracovnoprávne |
| 610 | 2 | 0 | |a marketing |
| 610 | 2 | 0 | |a reklama |
| 610 | 2 | 0 | |a propagácia |
| 610 | 2 | 0 | |a ochrana pracovníkov |
| 100 | 1 | |a Pauličková, Alena | |